Tekhelet Mordekhai : (Record no. 32366)

MARC details
000 -LEADER
fixed length control field 00711cam a22002411 4500
001 - CONTROL NUMBER
control field he 67000908
003 - CONTROL NUMBER IDENTIFIER
control field DLC
005 - DATE AND TIME OF LATEST TRANSACTION
control field 20260227111446.0
008 - FIXED-LENGTH DATA ELEMENTS--GENERAL INFORMATION
fixed length control field 840424s1962 is 000 0 heb
010 ## - LIBRARY OF CONGRESS CONTROL NUMBER
LC control number he 67000908
035 ## - SYSTEM CONTROL NUMBER
System control number (OCoLC)19151294
040 ## - CATALOGING SOURCE
Original cataloging agency DLC
Transcribing agency MH
Modifying agency DLC
042 ## - AUTHENTICATION CODE
Authentication code premarc
050 00 - LIBRARY OF CONGRESS CALL NUMBER
Classification number BS1225
Item number .S367 1912a
100 1# - MAIN ENTRY--PERSONAL NAME
Personal name Shvadron, Shalom Mordecai,
Dates associated with a name 1835-1911.
245 10 - TITLE STATEMENT
Title Tekhelet Mordekhai :
Remainder of title ʻal ha-Torah...
260 ## - PUBLICATION, DISTRIBUTION, ETC.
Place of publication, distribution, etc. Jerusalem :
Name of publisher, distributor, etc. Pardes,
Date of publication, distribution, etc. [1962 or 1963]
300 ## - PHYSICAL DESCRIPTION
Extent 53, 152, 2 leaves ;
Dimensions 28 cm.
500 ## - GENERAL NOTE
General note Photo-offset of Maramarossziget 1912/13 ed.
630 00 - SUBJECT ADDED ENTRY--UNIFORM TITLE
Uniform title Bible.
Name of part/section of a work Pentateuch
General subdivision Commentaries.
752 ## - ADDED ENTRY--HIERARCHICAL PLACE NAME
Country or larger entity Romania
City Sighet
752 ## - ADDED ENTRY--HIERARCHICAL PLACE NAME
Country or larger entity Israel
City Jerusalem

No items available.

Powered by Koha